Chymia coelestis : drops from heaven, or pious meditations and prayer's on several places of Scripture /

Bibliographic Details
Main Author: Parry, Benjamin, 1634-1678
Format: Microform Book
Language:English
Series:Early English books, 1641-1700 ; 1025:1.
Subjects:

MARC

Tag First Indicator Second Indicator Subfields
LEADER 00000cam a2200000 a 4500
001 in00000890613
005 20151019162552.0
007 hd afv---baca
007 hd bfv---baaa
008 850806s1672 miu a 00010 eng d
035 |a (OCoLC)12352723 
035 |9 AEL0880AM 
037 |a CL0037000033  |b University Microfilms International 
037 |b University Microfilms International, 300 N. Zeeb Rd., Ann Arbor, MI 48106 
040 |a EAE  |c EAE  |d UtOrBLW 
049 |a TXAI 
090 |a BV4831  |b .P37 1672 
099 |a film   |a  B   |a  3609 
100 1 |a Parry, Benjamin,  |d 1634-1678. 
245 1 0 |a Chymia coelestis :  |b drops from heaven, or pious meditations and prayer's on several places of Scripture /  |c by Ben. Parry ... 
264 3 |a London :  |b Printed for Peter Parker ...,  |c 1672. 
300 |a 8 unnumbered pages, 141 pages, 7 unnumbered pages 
336 |a text  |b txt  |2 rdacontent 
337 |a microform  |b h  |2 rdamedia 
338 |a microfilm reel  |b hd  |2 rdacarrier 
500 |a Reproduction of original in the Union Theological Seminary Library. 
510 4 |a Wing  |c P554. 
533 |a Microfilm.  |b Ann Arbor, Mich. :  |c University Microfilms International,  |d 1980.  |e 1 microfilm reel ; 35 mm.  |f (Early English books, 1641-1700 : 1025:1) 
500 |a Microform. 
650 0 |a Meditations  |v Early works to 1800. 
650 0 |a Prayers. 
740 0 |a Chymia coelestis. 
740 0 |a Drops from heaven. 
740 0 |a Pious meditations and prayer's on several places of scripture. 
830 0 |a Early English books, 1641-1700 ;  |v 1025:1. 
999 |a MARS 
999 f f |s 6c5cbab3-b74f-3e05-9e6a-c5bc564bfce3  |i 9252bf6e-b64b-3540-b58b-402f711e03bd  |t 0 
952 f f |p default  |a Texas A&M University  |b College Station  |c Sterling C. Evans Library  |d Evans: Microforms (3rd floor)  |t 0  |e film B 3609 1025:1  |h Other scheme  |i microform -- microfilm reel 
998 f f |a film B 3609 1025:1  |t 0  |l Evans: Microforms (3rd floor)